| 000 | 00450pab a2200169 454500 | ||
|---|---|---|---|
| 008 | 180718b2007 xxu||||| |||| 00| 0 eng d | ||
| 100 | _aStevens, Daniel | ||
| 245 | _aMobilization, demobilization and the economy in American elections | ||
| 260 | _c2007 | ||
| 300 | _ap.165-86. | ||
| 362 | _aJan | ||
| 650 | _aElections - United States | ||
| 650 | _aElections | ||
| 773 | _aBritish Journal of Political Science | ||
| 908 | _aN | ||
| 909 | _a75450 | ||
| 999 |
_c75450 _d75450 |
||